| 000 | 00828nam a2200313Ia 4500 | ||
|---|---|---|---|
| 005 | 20250425161836.0 | ||
| 008 | 250425s9999 xx 000 0 und d | ||
| 020 | _a9586007804 | ||
| 041 | _aspa | ||
| 043 | _ack | ||
| 082 | _a657.1 | ||
| 100 | _aMEIGS, ROBERT F. | ||
| 245 | 0 | _aCONTABILIDAD: LA BASE PARA DECISIONES GERENCIALES | |
| 250 | _a10A ED.Y67 | ||
| 260 | _aBOGOTA | ||
| 260 |
_aColombia _bMCGRAW-HILL _c1998 |
||
| 300 | _a881 | ||
| 500 | _aTítulo Traducido: ACCOUNTING: THE BASIS FOR BUSINESS DECISIONS | ||
| 650 | _aAUDITORIA | ||
| 650 | _aCOMPAÑIAS | ||
| 650 | _aCONTABILIDAD | ||
| 650 | _aESTADOS FINANCIEROS | ||
| 650 | _aSISTEMA DE INVENTARIO | ||
| 650 | _aTOMA DE DECISIONES | ||
| 700 |
_aGLADYS ARANGO MEDINA _etraductor |
||
| 710 | _aMCGRAW-HILL | ||
| 942 | _c01 | ||
| 010 | _a32064 | ||
| 999 |
_c217246 _d217246 |
||